Acidity and catalytic activity of zeolite catalysts bound with silica and alumina /

Bibliographic Details
Main Author: Wu, Xianchun, 1962-
Other Authors: Anthony, Rayford G. (Thesis advisor)
Format: Thesis eBook
Language:English
Published: [College Station, Tex.] : [Texas A&M University], [2004]
Subjects:
Online Access:Link to OAK Trust copy

MARC

Tag First Indicator Second Indicator Subfields
LEADER 00000cam a2200000Ka 4500
001 in00001841021
005 20151026065755.0
006 m d
007 cr unu--------
008 040618s2004 txu obm 000 0 eng d
035 |a (OCoLC)ocm55676884 
035 |a (TxCM)etd-tamu-2003C-CHEN-Wu 
040 |a TXA  |c TXA  |d UtOrBLW 
049 |a TXAM 
099 |a 2003  |a Dissertation  |a W82 
100 1 |a Wu, Xianchun,  |d 1962- 
245 1 0 |a Acidity and catalytic activity of zeolite catalysts bound with silica and alumina /  |c by Xianchun Wu. 
264 1 |a [College Station, Tex.] :  |b [Texas A&M University],  |c [2004] 
336 |a text  |b txt  |2 rdacontent 
337 |a computer  |b c  |2 rdamedia 
338 |a online resource  |b cr  |2 rdacarrier 
500 |a "Major Subject: Chemical Engineering" 
500 |a Title from author supplied metadata (automated record created on Apr. 30, 2004.) 
500 |a Vita. 
500 |a Abstract. 
502 |b Ph. D.  |c Texas A&M University  |d 2003. 
504 |a Includes bibliographical references. 
516 |a Text (Dissertation). 
520 3 |a Zeolites ZSM-5 (SiO2/Al2O3=30%7E280) and Y(SiO2/Al2O3=5.2%7E80) are bound with silica gel (Ludox HS-40 and Ludox AS-40) and alumina ([gamma]-Al2O3 and boehmite) by different binding methods, namely, gel-mixing, powder-mixing and powder-wet-mixing methods. The acidities of the bound catalysts and the zeolite powder are determined by NH3-TPD and FTIR. The textures of these catalysts are analyzed on a BET machine with nitrogen as a probe molecule. The micropore surface area and micropore volume are determined by t-plot method. Micropore volume distribution is determined by Horvath-Kawazoe approach with a cylindrical pore model. Mesopore volume distribution is determined by BJH method from the nitrogen desorption isotherm. Silica from the binder may react with extra-framework alumina in zeolites to form a new protonic acid. SiO2-bound catalysts have less strong acidity, Bronsted acidity and Lewis acidity than the zeolite powder. Also, the strength of strong acid sites of the zeolites is reduced when silica is embedded. Micropore surface area and micropore volume are reduced by about 19% and 18%, respectively, indicating some micropores of ZSM-5 are blocked on binding with silica. SiO2-bound ZSM-5 catalysts have less catalytic activity for butane transformation (cracking and disproportionation) and ethylene oligomerization than ZSM-5 powder. When alumina is used as a binder, both the total acid sites and Lewis acid sites are increased. Micropore surface area and micropore volume of ZSM-5 powder are reduced by 26% and 23%, respectively, indicating some micropores of ZSM-5 are blocked by the alumina binder. Alumina-bound catalysts showed a lower activity for butane transformation and ethylene oligomerization than ZSM-5 powder. Alkaline metals content in the binder is a crucial factor that influences the acidity of a bound catalyst. The metal cations neutralize more selectively Bronsted acid sites than Lewis acid sites. Alkaline metal cations in the binder and micropore blockage cause the bound catalysts to have a lower catalytic activity than the zeolite powder. 
538 |a Mode of access: World Wide Web. 
538 |a System requirements: World Wide Web access and Adobe Acrobat Reader. 
500 |a Electronic resource. 
650 4 |a Major chemical engineering. 
653 |a Zeolite 
653 |a binder 
653 |a acidity 
653 |a catalyst 
653 |a butane 
653 |a ethylene 
653 |a matrix 
700 1 |a Anthony, Rayford G.,  |e thesis advisor. 
856 4 0 |u http://hdl.handle.net/1969.1/561  |z Link to OAK Trust copy  |t 0 
994 |a C0  |b TXA 
999 |a MARS 
999 f f |s 4ef70b93-93e7-3a58-a72f-19dd191e8473  |i ebfa3cd7-3f28-3a86-b74f-fb6cbd7630a7  |t 0 
952 f f |a Texas A&M University  |b College Station  |c Electronic Resources  |d Available Online  |t 0  |e 2003 Dissertation W82  |g Electronic  |h Other scheme 
998 f f |a 2003 Dissertation W82  |t 0  |l Available Online